| 000 | 00432nam a2200157Ia 4500 | ||
|---|---|---|---|
| 008 | 210716s2019 xx 000 0 und d | ||
| 020 | _a9789352138593 | ||
| 041 | _aeng | ||
| 082 | _a005.1372 MERD | ||
| 100 | _aMertz, David. | ||
| 245 | _aFunctional programming in python. | ||
| 250 | _a1 | ||
| 260 |
_aMumbai _bShroff Publishers and Distributors Pvt Ltd _c2019 |
||
| 300 | _aviii,38 | ||
| 650 | _aProgramming Languages(005.13) | ||
| 999 |
_c197109 _d197109 |
||